[Event "12sen.WM-H Naumburg"]
[Site "Naumburg/Saale(20.10.-03.11.)"]
[Date "2002.10.23"]
[Round "3"]
[White "Fischer, Ernst[37Weiden]"]
[Black "Hecht, Hans_Joachim"]
[Result "0-1"]
[WhiteElo "1981"]
[BlackElo "2390"]
[PlyCount "116"]
[EventDate "2002.11.??"]

1. e4 e6 2. d3 d5 3. Qe2 Nc6 4. Nf3 dxe4 5. dxe4 e5 6. c3 Nf6 7. Qc2 a5 8. Bb5
Bd6 9. Bg5 h6 10. Bh4 O-O 11. Nbd2 Qe7 12. h3 Nd8 13. g4 Ne6 14. O-O-O c6 15.
Bf1 b5 16. g5 hxg5 17. Nxg5 Nh5 18. Nxe6 Qxe6 19. Qb3 Qh6 20. Kb1 Be6 21. c4
Bc5 22. Qc2 Qf4 23. Nb3 Bb4 24. Bg3 Nxg3 25. fxg3 Qxg3 26. cxb5 cxb5 27. Bxb5
a4 28. Nc1 a3 29. Rhg1 Qh4 30. b3 Rac8 31. Qg2 Qh6 32. Qg5 Qxg5 33. Rxg5 Rc5
34. Bf1 Bc3 35. Rg3 Bd4 36. b4 Rb8 37. Rxa3 Rxb4+ 38. Nb3 Rc3 39. Rd3 Rxd3 40.
Bxd3 Bxh3 41. Kc2 g5 42. Ra5 Be3 43. Rxe5 Ra4 44. Ra5 Rxa5 45. Nxa5 g4 46. Nc4
Bc5 47. Be2 g3 48. Bf3 g2 49. Bxg2 Bxg2 50. Kd3 Bf1+ 51. Kc3 Kf8 52. a4 Ke7 53.
Nd2 Ba6 54. Nb3 Kd6 55. Nd4 Bxd4+ 56. Kxd4 f6 57. a5 Bb7 58. Ke3 Ke5 0-1

[Event "12sen.WM-H Naumburg"]
[Site "Naumburg/Saale(20.10.-03.11.)"]
[Date "2002.10.23"]
[Round "3"]
[White "Fotland, Hans_Christian"]
[Black "Dietze, Otto"]
[Result "1-0"]
[WhiteElo "2041"]
[BlackElo "1498"]
[PlyCount "53"]
[EventDate "2002.11.??"]

1. d4 Nf6 2. c4 g6 3. Nc3 Bg7 4. g3 O-O 5. Bg2 d6 6. Nf3 c6 7. O-O Nbd7 8. e4
e5 9. h3 exd4 10. Nxd4 Ne5 11. Qe2 a6 12. Be3 c5 13. Nb3 Bd7 14. Rad1 Qc8 15.
Kh2 Be6 16. Nd2 Rb8 17. f4 Nc6 18. Nf3 Na5 19. b3 Ng4+ 20. hxg4 Bxc3 21. f5 Bd7
22. Bd2 Bxd2 23. Qxd2 Nc6 24. Qh6 f6 25. fxg6 hxg6 26. Qxg6+ Kh8 27. Rh1 1-0

[Event "12sen.WM-H Naumburg"]
[Site "Naumburg/Saale(20.10.-03.11.)"]
[Date "2002.10.23"]
[Round "3"]
[White "Frauenfelder, Rudolf"]
[Black "Krueger, Sigurd"]
[Result "1-0"]
[WhiteElo "2151"]
[BlackElo "1872"]
[PlyCount "49"]
[EventDate "2002.11.??"]

1. c4 Nf6 2. Nc3 e5 3. g3 d5 4. cxd5 Nxd5 5. Bg2 Nb6 6. Nf3 Nc6 7. O-O Be7 8.
d3 O-O 9. a3 Be6 10. b4 a6 11. Bb2 f5 12. Rc1 Bf6 13. Na4 Nxa4 14. Qxa4 e4 15.
Bxf6 Qxf6 16. dxe4 fxe4 17. Nd2 e3 18. fxe3 Qe5 19. Ne4 Rxf1+ 20. Rxf1 Bd5 21.
b5 Ne7 22. bxa6 bxa6 23. Qd4 Ng6 24. Qxe5 Nxe5 25. Nf6+ 1-0

[Event "12sen.WM-H Naumburg"]
[Site "Naumburg/Saale(20.10.-03.11.)"]
[Date "2002.10.23"]
[Round "3"]
[White "Gerhardt, Peter_Michael"]
[Black "Bachmann, Karlheinz"]
[Result "1/2-1/2"]
[WhiteElo "2124"]
[BlackElo "2108"]
[PlyCount "33"]
[EventDate "2002.11.??"]

1. d4 Nf6 2. c4 e6 3. Nf3 b6 4. e3 Bb7 5. Be2 Bb4+ 6. Bd2 Bxd2+ 7. Nbxd2 O-O 8.
O-O c5 9. Qb3 d6 10. Rfd1 Qc7 11. Rac1 Nbd7 12. Qc2 Rac8 13. Qb1 Qb8 14. b3
Rfd8 15. Qb2 h6 16. Ne1 Qa8 17. Bf3 1/2-1/2

[Event "12sen.WM-H Naumburg"]
[Site "Naumburg/Saale(20.10.-03.11.)"]
[Date "2002.10.23"]
[Round "3"]
[White "Girod, Gudrun"]
[Black "Reichert, Rudolf"]
[Result "0-1"]
[WhiteElo "1406"]
[BlackElo "1581"]
[PlyCount "68"]
[EventDate "2002.11.??"]

1. d4 e6 2. Nf3 c5 3. e3 d5 4. Be2 Bd6 5. O-O Nf6 6. c4 Nc6 7. Nc3 a6 8. cxd5
exd5 9. h3 b5 10. dxc5 Bxc5 11. Nd4 Ne7 12. a3 O-O 13. b4 Bb6 14. Bb2 Qd6 15.
Nf3 Bc7 16. Bd3 Bb7 17. g3 Rad8 18. Nd4 Bc8 19. Kg2 Qd7 20. Rh1 Bb7 21. Nce2
Be5 22. Qb3 Ne4 23. Bxe4 dxe4 24. Bc3 Bd5 25. Qb2 Bc4 26. Rad1 f6 27. f4 exf3+
28. Nxf3 Nd5 29. Kf2 Qf5 30. Qb1 Qxb1 31. Rxb1 Bxe2 32. Bxe5 Bxf3 33. Kxf3
fxe5+ 34. Ke4 Nc3+ 0-1

[Event "12sen.WM-H Naumburg"]
[Site "Naumburg/Saale(20.10.-03.11.)"]
[Date "2002.10.23"]
[Round "3"]
[White "Glaser, Heinz_Alfred"]
[Black "Bergmann, Hans_Dieter"]
[Result "1-0"]
[WhiteElo "1680"]
[BlackElo "1496"]
[PlyCount "79"]
[EventDate "2002.11.??"]

1. e4 c5 2. Nf3 d6 3. d4 cxd4 4. Nxd4 Nf6 5. Nc3 g6 6. h3 Bg7 7. Be3 Qa5 8. Qd2
O-O 9. f3 Qe5 10. f4 Qh5 11. Be2 Bg4 12. O-O-O Bxe2 13. Ndxe2 Qa5 14. Kb1 Qb4
15. e5 dxe5 16. fxe5 Nfd7 17. Nd5 Qb5 18. Nec3 Qa5 19. Nxe7+ Kh8 20. Qd5 Qb4
21. Qd6 Qh4 22. Bd4 Re8 23. Ncd5 Nc6 24. Nxc6 bxc6 25. Nc7 Nxe5 26. Nxa8 Rd8
27. Qc5 Rd5 28. Qxa7 Qd8 29. Nc7 Rd7 30. Qa8 c5 31. Qxd8+ Rxd8 32. Bxc5 Rc8 33.
Na6 Ra8 34. Nb4 Nc4 35. Bd4 f6 36. Nd5 Rb8 37. Nxf6 Na3+ 38. Kc1 Bh6+ 39. Rd2
Nb5 40. Nd7+ 1-0

[Event "12sen.WM-H Naumburg"]
[Site "Naumburg/Saale(20.10.-03.11.)"]
[Date "2002.10.23"]
[Round "3"]
[White "Glende, Siegfried"]
[Black "Robitsch, Hermann"]
[Result "0-1"]
[WhiteElo "1708"]
[BlackElo "2077"]
[PlyCount "80"]
[EventDate "2002.11.??"]

1. Nf3 c5 2. c4 Nf6 3. Nc3 Nc6 4. g3 g6 5. Bg2 Bg7 6. O-O d6 7. e4 O-O 8. d3 e5
9. h3 h6 10. Be3 Nd4 11. Kh2 Kh7 12. Ng1 Ng8 13. Bxd4 cxd4 14. Nce2 Ne7 15. g4
Rb8 16. Ng3 g5 17. Nf5 Ng6 18. Qa4 Nf4 19. Qa3 Bf6 20. Rad1 Bxf5 21. gxf5 h5
22. Rd2 g4 23. Qa4 Bg5 24. Rdd1 Bh6 25. Qc2 Qh4 26. f3 gxh3 27. Qf2 Qxf2 28.
Rxf2 hxg2 29. Rc2 b6 30. b3 Rg8 31. a4 a5 32. Rb2 Kg7 33. Nh3 Nxh3 34. Kxh3 Kf6
35. Rg1 Rg5 36. b4 axb4 37. Rxb4 Rbg8 38. Rxb6 Rg3+ 39. Kh4 Be3 40. Rgb1 g1=Q
0-1

[Event "12sen.WM-H Naumburg"]
[Site "Naumburg/Saale(20.10.-03.11.)"]
[Date "2002.10.23"]
[Round "3"]
[White "Gurgenidze, Bukhuti"]
[Black "Piankov, Evgenij"]
[Result "1/2-1/2"]
[WhiteElo "2198"]
[BlackElo "2353"]
[PlyCount "120"]
[EventDate "2002.11.??"]

1. e4 c6 2. d4 d5 3. e5 Bf5 4. c3 e6 5. Be3 Nd7 6. Nd2 c5 7. Ngf3 c4 8. a4 Rc8
9. b3 cxb3 10. Qxb3 Qc7 11. c4 Ne7 12. Nh4 Bg4 13. h3 Bh5 14. g4 Bg6 15. Rc1
Qb6 16. Nxg6 hxg6 17. Rb1 Qxb3 18. Rxb3 b6 19. Kd1 dxc4 20. Bxc4 Nc6 21. Bb5
Na5 22. Rd3 Bb4 23. d5 exd5 24. Rxd5 Nc6 25. Nf3 Ke7 26. Ke2 Ndb8 27. h4 Rhd8
28. Rxd8 Nxd8 29. Nd4 Ne6 30. Nxe6 Kxe6 31. f4 Rc2+ 32. Kf3 a6 33. Bd3 Rc3 34.
Ke4 Bc5 35. f5+ gxf5+ 36. gxf5+ Ke7 37. Rc1 Rxc1 38. Bxc1 Bf2 39. h5 Nd7 40.
Kd5 a5 41. Bb5 Nc5 42. Bg5+ Kf8 43. Bd8 Nb3 44. e6 Bc5 45. Bc6 fxe6+ 46. fxe6
Nd2 47. Bb5 Nf3 48. Bd3 Ke8 49. Bc7 Ke7 50. Bf5 Nd4 51. Bg4 Nc2 52. Bh3 Ne3+
53. Kc6 Nc4 54. Kd5 Ne3+ 55. Ke4 Nc4 56. Bf4 Bb4 57. Bg5+ Kf8 58. Kd5 Nb2 59.
Kc6 Be7 60. Bxe7+ Kxe7 1/2-1/2

[Event "12sen.WM-H Naumburg"]
[Site "Naumburg/Saale(20.10.-03.11.)"]
[Date "2002.10.23"]
[Round "3"]
[White "Hansen, Hans"]
[Black "Broberg, Horst"]
[Result "1-0"]
[WhiteElo "1871"]
[BlackElo "2157"]
[PlyCount "117"]
[EventDate "2002.11.??"]

1. e4 e6 2. d4 d5 3. e5 c5 4. c3 Nc6 5. Nf3 Bd7 6. a3 f6 7. Bd3 fxe5 8. dxe5 g6
9. O-O Bg7 10. Re1 Nge7 11. b4 c4 12. Bc2 O-O 13. Bg5 Qe8 14. Nbd2 h6 15. Bxe7
Nxe7 16. Nf1 Qf7 17. Qd4 Nf5 18. Qg4 h5 19. Qh3 Bh6 20. Ng3 Kg7 21. a4 Nxg3 22.
Qxg3 Bf4 23. Qh4 Kh6 24. Qh3 g5 25. g4 Kg7 26. Rf1 Rh8 27. Kg2 hxg4 28. Qxg4
Qh5 29. h3 Rh6 30. Rad1 Rah8 31. Rh1 Be8 32. Ra1 Qxg4+ 33. hxg4 Rxh1 34. Rxh1
Rxh1 35. Kxh1 Bg6 36. Bxg6 Kxg6 37. Kg2 Bc1 38. Nd4 Bd2 39. Nxe6 Bxc3 40. f4
gxf4 41. Nxf4+ Kf7 42. e6+ Ke8 43. Nxd5 Bd2 44. b5 c3 45. Nb4 Ke7 46. Kf3 Kxe6
47. Ke4 Kd6 48. Kd4 a6 49. bxa6 bxa6 50. Kd3 Kc5 51. Nxa6+ Kb6 52. Nb4 Ka5 53.
Nd5 Kxa4 54. Nxc3+ Bxc3 55. Kxc3 Kb5 56. Kd4 Kc6 57. Ke5 Kd7 58. Kf6 Ke8 59.
Kg7 1-0

[Event "12sen.WM-H Naumburg"]
[Site "Naumburg/Saale(20.10.-03.11.)"]
[Date "2002.10.23"]
[Round "3"]
[White "Haupt, Joachim"]
[Black "Melzig, Ernst"]
[Result "1-0"]
[WhiteElo "1745"]
[BlackElo "1405"]
[PlyCount "85"]
[EventDate "2002.11.??"]

1. c4 e5 2. Nc3 d6 3. g3 Nc6 4. Bg2 Bd7 5. Nf3 Nf6 6. d4 exd4 7. Nxd4 Nxd4 8.
Qxd4 c6 9. Bg5 Be7 10. Rd1 c5 11. Qd3 Bc6 12. Bxc6+ bxc6 13. Bxf6 gxf6 14. Ne4
d5 15. cxd5 cxd5 16. Qb5+ Qd7 17. Qxd7+ Kxd7 18. Rxd5+ Kc6 19. Rf5 Rab8 20. b3
c4 21. O-O cxb3 22. axb3 Rxb3 23. Nxf6 Kb7 24. Nd5 Bd6 25. Rxf7+ Kc6 26. Ne7+
Bxe7 27. Rxe7 a5 28. Ra1 Kb6 29. Re6+ Kb5 30. Re5+ Kb4 31. Raxa5 Rb1+ 32. Kg2
Kc3 33. Rac5+ Kd2 34. f4 Ke1 35. Rc7 h5 36. f5 h4 37. gxh4 Rxh4 38. Rg7 Rf4 39.
Rg3 Rf2+ 40. Kh3 Rb2 41. Rg1+ Kd2 42. Rg2 Rb3+ 43. e3 1-0

[Event "12sen.WM-H Naumburg"]
[Site "Naumburg/Saale(20.10.-03.11.)"]
[Date "2002.10.23"]
[Round "3"]
[White "Heinemann, Klaus_Detlef"]
[Black "Kovacs, Les"]
[Result "1/2-1/2"]
[WhiteElo "1458"]
[BlackElo "1600"]
[PlyCount "122"]
[EventDate "2002.11.??"]

1. Nc3 d5 2. d4 Nf6 3. Bf4 e6 4. Nb5 Na6 5. e3 c6 6. Nc3 Bb4 7. Nge2 O-O 8. Bg5
Be7 9. Ng3 Nb8 10. Bd3 Nbd7 11. O-O e5 12. Nf5 e4 13. Be2 h6 14. Bh4 Re8 15. f3
exf3 16. Rxf3 Nf8 17. Nxe7+ Qxe7 18. Qf1 N8h7 19. Bd3 g5 20. Bg3 Bg4 21. Bxh7+
Nxh7 22. Rf2 f6 23. Re1 c5 24. Nxd5 Qf7 25. Nc7 cxd4 26. Nxa8 dxe3 27. Rfe2
Bxe2 28. Rxe2 Rxa8 29. Rxe3 Rc8 30. Qf5 Rd8 31. b3 Qd7 32. Qg6+ Qg7 33. Qxg7+
Kxg7 34. Re7+ Kg6 35. Re2 Rd7 36. Kf2 h5 37. h3 h4 38. Bb8 a6 39. c4 f5 40. Rc2
Nf6 41. Re2 Ne4+ 42. Ke1 Kh5 43. b4 Rd4 44. Rc2 g4 45. hxg4+ fxg4 46. Be5 Rd8
47. Re2 Ng5 48. Bf6 Rg8 49. Re5 h3 50. gxh3 gxh3 51. Kf2 Kg4 52. Bxg5 Rxg5 53.
Rxg5+ Kxg5 54. a4 Kf5 55. a5 Ke5 56. b5 Kd6 57. bxa6 bxa6 58. Kg3 h2 59. Kxh2
Kc5 60. Kg2 Kxc4 61. Kf2 Kb5 1/2-1/2

[Event "12sen.WM-H Naumburg"]
[Site "Naumburg/Saale(20.10.-03.11.)"]
[Date "2002.10.23"]
[Round "3"]
[White "Hesselbarth, Karlheinz"]
[Black "Fiedler, Eduard"]
[Result "1/2-1/2"]
[WhiteElo "1788"]
[BlackElo "1597"]
[PlyCount "36"]
[EventDate "2002.11.??"]

1. d4 e5 2. Nf3 e4 3. Nfd2 d5 4. e3 f5 5. c4 c6 6. Nc3 Nf6 7. Qb3 Qb6 8. cxd5
Qxb3 9. axb3 Nxd5 10. Be2 Bb4 11. Nxd5 cxd5 12. O-O O-O 13. f3 Nc6 14. fxe4
fxe4 15. Rxf8+ Bxf8 16. Nf1 a5 17. Bd2 Nb4 18. Ng3 b6 1/2-1/2

[Event "12sen.WM-H Naumburg"]
[Site "Naumburg/Saale(20.10.-03.11.)"]
[Date "2002.10.23"]
[Round "3"]
[White "Hoeschele, Hans_Ulrich"]
[Black "Perk, Egbert"]
[Result "1-0"]
[WhiteElo "2159"]
[BlackElo "1910"]
[PlyCount "95"]
[EventDate "2002.11.??"]

1. c4 Nf6 2. d4 e6 3. g3 d5 4. Bg2 Be7 5. Nf3 Nbd7 6. Nbd2 c6 7. O-O O-O 8. b3
b6 9. Bb2 Bb7 10. Qc2 Rc8 11. Ne5 c5 12. dxc5 Nxc5 13. cxd5 Bxd5 14. Bxd5 Qxd5
15. Ndc4 Qb7 16. Rad1 Qc7 17. b4 Na6 18. b5 Nb8 19. Qb3 Nfd7 20. Rc1 Nc5 21.
Qe3 Rcd8 22. Rc2 Rd5 23. Nf3 Rfd8 24. Bd4 Qd7 25. Bxc5 Bxc5 26. Qb3 f6 27. a4
Qf7 28. Nb2 e5 29. e4 R5d7 30. Qxf7+ Kxf7 31. a5 Bd4 32. Nc4 Rb7 33. a6 Rbd7
34. Kg2 Bc5 35. Nh4 Ke6 36. Na5 Rd4 37. Nb7 Rc8 38. Rfc1 Nd7 39. Nf5 Rb4 40.
Nxg7+ Kf7 41. Nf5 Rc7 42. Nd8+ Kg6 43. Ne6 Rxe4 44. Ne7+ Kf7 45. Nxc7 Kxe7 46.
Rd1 Bd4 47. f3 Re3 48. Nd5+ 1-0

[Event "12sen.WM-H Naumburg"]
[Site "Naumburg/Saale(20.10.-03.11.)"]
[Date "2002.10.23"]
[Round "3"]
[White "Hohler, Peter"]
[Black "Gudat, Alfons"]
[Result "1/2-1/2"]
[WhiteElo "2210"]
[BlackElo "2054"]
[PlyCount "37"]
[EventDate "2002.11.??"]

1. Nf3 Nf6 2. c4 e6 3. g3 b6 4. Bg2 Bb7 5. O-O Be7 6. b3 O-O 7. Bb2 d6 8. Nc3
c5 9. d4 cxd4 10. Qxd4 a6 11. Rfd1 Qc7 12. Rac1 Nbd7 13. e4 Rfd8 14. Qe3 Qc5
15. Qe2 Rac8 16. Ne1 Qc7 17. Nc2 Qb8 18. Nd4 g6 19. Nc2 1/2-1/2

[Event "12sen.WM-H Naumburg"]
[Site "Naumburg/Saale(20.10.-03.11.)"]
[Date "2002.10.23"]
[Round "3"]
[White "Igney, Volkhard"]
[Black "Filzmaier, Bruno"]
[Result "1-0"]
[WhiteElo "2254"]
[BlackElo "2012"]
[PlyCount "83"]
[EventDate "2002.11.??"]

1. d4 e6 2. c4 d5 3. Nc3 Nf6 4. Bg5 Nbd7 5. cxd5 exd5 6. e3 c6 7. Bd3 Be7 8.
Qc2 h6 9. Bh4 O-O 10. Nf3 Ne8 11. Bxe7 Qxe7 12. O-O Nd6 13. Rfe1 Re8 14. Rab1
Nf8 15. a4 a6 16. b4 Bd7 17. b5 axb5 18. axb5 Nc4 19. Bxc4 dxc4 20. bxc6 bxc6
21. Na4 Bf5 22. Qxf5 Rxa4 23. Rb6 Rea8 24. Rxc6 Ra1 25. Rxc4 Rxe1+ 26. Nxe1 Ra1
27. Kf1 Qa3 28. Qc2 Qa5 29. Qe2 Qb5 30. Rc2 Qb1 31. f4 Nd7 32. Rc8+ Kh7 33.
Qc2+ Qxc2 34. Rxc2 Nf6 35. Ke2 Nd5 36. Nd3 Rg1 37. Kf3 f5 38. Rc5 Ne7 39. d5
Ng6 40. d6 Nh4+ 41. Ke2 Rxg2+ 42. Nf2 1-0

[Event "12sen.WM-H Naumburg"]
[Site "Naumburg/Saale(20.10.-03.11.)"]
[Date "2002.10.23"]
[Round "3"]
[White "Ivanets, Vladimir[39Russl]"]
[Black "Schulz, Wolfgang[32Hamb]"]
[Result "1/2-1/2"]
[WhiteElo "2287"]
[BlackElo "2117"]
[PlyCount "84"]
[EventDate "2002.11.??"]

1. e4 d6 2. f4 e5 3. d3 Nf6 4. Nf3 Nc6 5. Nc3 Be7 6. Nd5 Bg4 7. Nxe7 Qxe7 8. h3
Bxf3 9. Qxf3 d5 10. c3 dxe4 11. dxe4 exf4 12. Bxf4 O-O-O 13. Bd3 Ne5 14. Bxe5
Qxe5 15. O-O-O Rhe8 16. Rhe1 Kb8 17. Bc2 a6 18. Rxd8+ Rxd8 19. Bb3 Rd7 20. a3
Re7 21. Bc2 Nd7 22. Rd1 c6 23. Qf5 g6 24. Qf2 Nc5 25. Rd8+ Kc7 26. Rf8 Nxe4 27.
Bxe4 Qxe4 28. Rxf7 Rxf7 29. Qxf7+ Kb6 30. Qf2+ Kc7 31. Kd2 Kd6 32. Qf8+ Ke5 33.
Qb8+ Kd5 34. Qg8+ Ke5 35. Qg7+ Kd5 36. Qd7+ Ke5 37. Qe7+ Kd5 38. Qf7+ Ke5 39.
Qc7+ Kd5 40. Qf7+ Ke5 41. Qg7+ Kd5 42. Qg8+ Ke5 1/2-1/2

[Event "12sen.WM-H Naumburg"]
[Site "Naumburg/Saale(20.10.-03.11.)"]
[Date "2002.10.23"]
[Round "3"]
[White "Jaeger, Erich[30Neust]"]
[Black "Limberg, Siegfried"]
[Result "1-0"]
[WhiteElo "1837"]
[BlackElo "2128"]
[PlyCount "91"]
[EventDate "2002.11.??"]

1. d4 Nf6 2. c4 e6 3. Nc3 Bb4 4. e3 O-O 5. Bd3 d5 6. a3 Bxc3+ 7. bxc3 b6 8.
cxd5 exd5 9. Ne2 Bb7 10. O-O Nbd7 11. a4 a5 12. Ba3 Re8 13. c4 Nf8 14. cxd5
Bxd5 15. Rc1 Ng6 16. Qc2 Ra7 17. Nc3 Bc6 18. Nb5 Bxb5 19. Bxb5 Re4 20. Bc6 Rh4
21. g3 Rh6 22. Qc4 Ne7 23. Bg2 Nf5 24. Rfd1 Nd6 25. Qc2 g5 26. e4 Nde8 27. e5
Nd5 28. Qb3 c6 29. Rc2 Nec7 30. Bd6 Qd7 31. Rdc1 Nb4 32. Bxb4 axb4 33. Qxb4 Nd5
34. Qc4 Ra5 35. Rb2 Qa7 36. Bxd5 Rxd5 37. Rcb1 Qd7 38. Rxb6 Rxd4 39. Rb8+ Kg7
40. Qc5 Rd1+ 41. Rxd1 Qxd1+ 42. Kg2 Qd7 43. Qf8+ Kg6 44. Qd6+ Qxd6 45. exd6 Kg7
46. d7 1-0

[Event "12sen.WM-H Naumburg"]
[Site "Naumburg/Saale(20.10.-03.11.)"]
[Date "2002.10.23"]
[Round "3"]
[White "Jaki, Ingo"]
[Black "Demmer, Wolfgang"]
[Result "1/2-1/2"]
[WhiteElo "2073"]
[BlackElo "1753"]
[PlyCount "78"]
[EventDate "2002.11.??"]

1. Nf3 Nf6 2. b3 d6 3. g3 e5 4. d3 Be7 5. Bg2 c6 6. O-O O-O 7. Bb2 h6 8. Nbd2
Be6 9. h3 Na6 10. c4 Qd7 11. Kh2 Rad8 12. e4 Qc8 13. Qe2 Nc7 14. Rac1 c5 15.
Ng1 Nh7 16. f4 f6 17. f5 Bf7 18. h4 Rd7 19. Bf3 Qe8 20. g4 g5 21. fxg6 Bxg6 22.
Nh3 Ne6 23. Rg1 Bd8 24. Qe3 Kg7 25. Nf1 Rh8 26. Ng3 Nd4 27. Nf5+ Bxf5 28. gxf5+
Ng5 29. Bxd4 exd4 30. Qe2 Qe5+ 31. Kh1 Kf8 32. hxg5 hxg5 33. Bg4 Rdh7 34. Qf3
Bc7 35. Qg3 Qe7 36. Qg2 Rh4 37. Rcf1 Qh7 38. Rf3 Qe7 39. Qf1 R4h6 1/2-1/2

[Event "12sen.WM-H Naumburg"]
[Site "Naumburg/Saale(20.10.-03.11.)"]
[Date "2002.10.23"]
[Round "3"]
[White "Jugow, Alexander"]
[Black "Klundt, Klaus"]
[Result "1/2-1/2"]
[WhiteElo "2242"]
[BlackElo "2385"]
[PlyCount "30"]
[EventDate "2002.11.??"]

1. d4 Nf6 2. c4 g6 3. Nc3 Bg7 4. e4 O-O 5. Be2 d6 6. Bg5 c5 7. d5 Qa5 8. Qd2 e6
9. Nf3 exd5 10. exd5 Bg4 11. O-O Nbd7 12. Qf4 Qb6 13. b3 Rac8 14. Rae1 Qa5 15.
Rc1 Nh5 1/2-1/2

[Event "12sen.WM-H Naumburg"]
[Site "Naumburg/Saale(20.10.-03.11.)"]
[Date "2002.10.23"]
[Round "3"]
[White "Kachar, Vladimir"]
[Black "Neumann, Horst"]
[Result "1-0"]
[WhiteElo "2373"]
[BlackElo "2035"]
[PlyCount "51"]
[EventDate "2002.11.??"]

1. c4 Nf6 2. Nf3 c6 3. d4 d5 4. e3 Bg4 5. h3 Bh5 6. Nc3 e6 7. g4 Bg6 8. Qb3 Qb6
9. c5 Qc7 10. Ne5 Nbd7 11. Nxg6 hxg6 12. Bg2 e5 13. g5 Nh5 14. Ne2 e4 15. Bd2
Be7 16. h4 f6 17. O-O-O fxg5 18. hxg5 Bxg5 19. Rhg1 Bh6 20. f3 exf3 21. Bxf3
O-O-O 22. Rxg6 Nhf6 23. Rdg1 Rhe8 24. Ng3 Ne4 25. Bxe4 dxe4 26. Nf5 1-0

[Event "12sen.WM-H Naumburg"]
[Site "Naumburg/Saale(20.10.-03.11.)"]
[Date "2002.10.23"]
[Round "3"]
[White "Kahn, Manfred"]
[Black "Mann, Klaus_Dieter"]
[Result "1-0"]
[WhiteElo "2177"]
[BlackElo "1979"]
[PlyCount "45"]
[EventDate "2002.11.??"]

1. c4 Nf6 2. d4 g6 3. Nc3 Bg7 4. Bg5 d6 5. e3 c6 6. f4 Nbd7 7. Nf3 a6 8. Be2
Rb8 9. a4 a5 10. O-O O-O 11. Qd2 Re8 12. Rad1 Nf8 13. e4 N8d7 14. f5 c5 15.
fxg6 hxg6 16. Bh6 Nh7 17. Bxg7 Kxg7 18. d5 f6 19. Qf4 Rg8 20. Qg3 Kh8 21. Nb5
Nb6 22. e5 dxe5 23. Nxe5 1-0

[Event "12sen.WM-H Naumburg"]
[Site "Naumburg/Saale(20.10.-03.11.)"]
[Date "2002.10.23"]
[Round "3"]
[White "Kahn, Peter"]
[Black "Joch, Horst"]
[Result "1/2-1/2"]
[WhiteElo "1939"]
[BlackElo "1654"]
[PlyCount "40"]
[EventDate "2002.11.??"]

1. d4 e6 2. Nf3 d5 3. e3 c5 4. c3 Bd7 5. Bd3 Nf6 6. Nbd2 Nc6 7. O-O cxd4 8.
exd4 Be7 9. Re1 O-O 10. Nf1 a6 11. Ng3 Ne8 12. Bf4 Bd6 13. Bxd6 Nxd6 14. Ne5 h6
15. Qg4 Be8 16. h4 f5 17. Qf4 g5 18. hxg5 hxg5 19. Qd2 Ne4 20. Bxe4 fxe4
1/2-1/2

[Event "12sen.WM-H Naumburg"]
[Site "Naumburg/Saale(20.10.-03.11.)"]
[Date "2002.10.23"]
[Round "3"]
[White "Kanko, Ilkka"]
[Black "Klovans, Janis"]
[Result "1/2-1/2"]
[WhiteElo "2265"]
[BlackElo "2417"]
[PlyCount "70"]
[EventDate "2002.11.??"]

1. d4 Nf6 2. c4 e6 3. Nf3 d5 4. Nc3 Be7 5. Bf4 c5 6. dxc5 Bxc5 7. e3 O-O 8.
cxd5 Nxd5 9. Nxd5 exd5 10. a3 Nc6 11. Bd3 Bb6 12. O-O Bg4 13. Rc1 d4 14. e4 Rc8
15. h3 Bh5 16. g4 Bg6 17. Nd2 f6 18. Nc4 Bc7 19. Bxc7 Rxc7 20. f4 Re8 21. Qf3
Bf7 22. Qg3 Na5 23. Nd2 Qc8 24. Rxc7 Qxc7 25. Nf3 g5 26. e5 Nc6 27. fxg5 fxe5
28. g6 Bxg6 29. Bxg6 hxg6 30. Ng5 Qe7 31. Qh4 Nd8 32. Qh6 Qg7 33. Qh4 Qe7 34.
Qh6 Qg7 35. Qh4 Qe7 1/2-1/2

[Event "12sen.WM-H Naumburg"]
[Site "Naumburg/Saale(20.10.-03.11.)"]
[Date "2002.10.23"]
[Round "3"]
[White "Karasev, Vladimir"]
[Black "Fronczek, Heinrich"]
[Result "1-0"]
[WhiteElo "2450"]
[BlackElo "2272"]
[PlyCount "77"]
[EventDate "2002.11.??"]

1. Nf3 c5 2. g3 Nc6 3. Bg2 g6 4. e4 Bg7 5. O-O Nf6 6. d3 d5 7. Nbd2 O-O 8. Re1
dxe4 9. dxe4 h6 10. c3 Be6 11. Qe2 Qb6 12. Nc4 Qa6 13. Nfd2 Rfd8 14. a4 Rd7 15.
Bf1 b6 16. e5 Nd5 17. Ne4 Rad8 18. a5 Qc8 19. h4 Qc7 20. f4 h5 21. axb6 axb6
22. Bg2 b5 23. Ne3 Qb6 24. Nxd5 Rxd5 25. Be3 Na5 26. Nxc5 Rxc5 27. b4 Nb3 28.
bxc5 Qc7 29. Ra8 Rxa8 30. Bxa8 Bc4 31. Qf2 Qa5 32. Be4 Qxc3 33. Rd1 e6 34. Rd8+
Bf8 35. c6 Bd5 36. Bxd5 exd5 37. f5 Qa1+ 38. Kh2 Qxe5 39. fxg6 1-0

[Event "12sen.WM-H Naumburg"]
[Site "Naumburg/Saale(20.10.-03.11.)"]
[Date "2002.10.23"]
[Round "3"]
[White "Katalymov, Boris"]
[Black "Gaspariants, Garry"]
[Result "1-0"]
[WhiteElo "2378"]
[BlackElo "2240"]
[PlyCount "115"]
[EventDate "2002.11.??"]

1. e4 e5 2. Nf3 Nc6 3. Bb5 a6 4. Ba4 Nf6 5. O-O Be7 6. Qe2 b5 7. Bb3 O-O 8. c3
d5 9. exd5 e4 10. Ng5 Na5 11. Bc2 Bg4 12. Qe1 Qxd5 13. Nxe4 Rae8 14. f3 Bf5 15.
d3 c5 16. Nbd2 Nd7 17. Nb3 Nc6 18. Be3 c4 19. dxc4 bxc4 20. Rd1 Qb5 21. a4 Qb8
22. Nd4 Nxd4 23. Bxd4 Qxb2 24. Qg3 Bg6 25. Rf2 Qb8 26. f4 f5 27. Nd2 Qc7 28.
Bb1 Qa5 29. Nxc4 Qxa4 30. Nb2 Qc6 31. Nd3 Bf6 32. Ne5 Bxe5 33. fxe5 Nc5 34. Rb2
Ne4 35. Qd3 Rb8 36. Ra2 Ra8 37. Ra5 Bf7 38. Qh3 Bc4 39. Bc2 Rab8 40. e6 Qxe6
41. Re5 Qg6 42. Ba4 Rb7 43. Re1 h6 44. Qf3 Rc7 45. h4 Qf7 46. g4 g6 47. Qf4 Kh7
48. Be8 Rxe8 49. Rxe8 Qxe8 50. Qxc7+ Bf7 51. gxf5 gxf5 52. Kh2 Qe6 53. Qd8 Qa2+
54. Kg1 Kg6 55. Rxe4 Qb1+ 56. Kf2 Qxe4 57. Qf6+ Kh5 58. Qxf7+ 1-0

[Event "12sen.WM-H Naumburg"]
[Site "Naumburg/Saale(20.10.-03.11.)"]
[Date "2002.10.23"]
[Round "3"]
[White "Kelchner, Hans"]
[Black "Ehlert, Joachim"]
[Result "1/2-1/2"]
[WhiteElo "2149"]
[BlackElo "1856"]
[PlyCount "32"]
[EventDate "2002.11.??"]

1. d4 Nf6 2. Nf3 g6 3. Bf4 Bg7 4. e3 O-O 5. Nbd2 d6 6. h3 b6 7. Bd3 c5 8. c3
Bb7 9. Qe2 Nbd7 10. e4 Nh5 11. Bh2 Bh6 12. g3 cxd4 13. cxd4 e5 14. O-O exd4 15.
Nxd4 Re8 16. Nc4 Nc5 1/2-1/2

[Event "12sen.WM-H Naumburg"]
[Site "Naumburg/Saale(20.10.-03.11.)"]
[Date "2002.10.23"]
[Round "3"]
[White "Kosanski, Stanko"]
[Black "Braun, Gottfried_Dr"]
[Result "1-0"]
[WhiteElo "2386"]
[BlackElo "2243"]
[PlyCount "71"]
[EventDate "2002.11.??"]

1. e4 d6 2. d4 Nf6 3. Nc3 e5 4. Nf3 Nbd7 5. Bc4 Be7 6. O-O O-O 7. Qe2 exd4 8.
Nxd4 Ne5 9. Bb3 c5 10. Nf5 Bxf5 11. exf5 Rc8 12. Nd5 c4 13. Nxe7+ Qxe7 14. Ba4
c3 15. Re1 Qc7 16. Qd1 b5 17. Bb3 Qd7 18. bxc3 Qxf5 19. Be3 a5 20. a4 bxa4 21.
Rxa4 Ne4 22. Qa1 Nc6 23. Bc4 Nc5 24. Ra2 Rb8 25. Qd1 Rfd8 26. Bd5 Ne7 27. Bf3
Ne6 28. h3 Rb5 29. c4 Rb4 30. Be2 Rbb8 31. Bd3 Qf6 32. Rxa5 h6 33. Qg4 Rbc8 34.
Rh5 Kf8 35. Rb1 Nc5 36. Bd4 1-0

[Event "12sen.WM-H Naumburg"]
[Site "Naumburg/Saale(20.10.-03.11.)"]
[Date "2002.10.23"]
[Round "3"]
[White "Kraemer, Franz_Josef"]
[Black "Titz, Herbert"]
[Result "0-1"]
[WhiteElo "1801"]
[BlackElo "2089"]
[PlyCount "96"]
[EventDate "2002.11.??"]

1. e4 c5 2. Nf3 d6 3. c3 Nf6 4. Bd3 Nc6 5. O-O g6 6. Re1 Bg7 7. Bb5 O-O 8. d4
Qb6 9. Bxc6 Qxc6 10. d5 Qc7 11. Bf4 Qb6 12. Qc2 Nh5 13. Bd2 e5 14. Na3 f5 15.
Nc4 Qd8 16. Bg5 Bf6 17. Qd2 b5 18. Na3 a6 19. c4 b4 20. Nc2 fxe4 21. Rxe4 Bf5
22. Bxf6 Qxf6 23. Rh4 e4 24. Rxh5 gxh5 25. Qg5+ Qxg5 26. Nxg5 h6 27. Nh3 Bxh3
28. gxh3 Rf4 29. Rb1 Re8 30. Ne3 Re5 31. Kf1 Rh4 32. Ke2 Rxh3 33. Rg1+ Kf7 34.
Rh1 Kf6 35. Kf1 Rg5 36. Ke2 Ke5 37. b3 a5 38. Kd2 Rg7 39. Ke2 Rf3 40. Ra1 Rgf7
41. Rf1 a4 42. bxa4 Ra7 43. Rb1 Rxa4 44. Rb2 Rh3 45. Nf1 Rha3 46. Nd2 Rxa2 47.
Rxa2 Rxa2 48. Ke3 Rxd2 0-1